Marvel and DC Superheroes: Who is stronger - Statistics

General Stats
  • This quiz has been taken 318 times
  • The average score is 17 of 19
Answer Stats
Candidates Superhero % Correct
Thanos or Darkseid Darkseid
100%
Quicksilver or Flash Flash
100%
Vision or Martian Manhunter Vision
99%
Dr. Strange or Dr. Fate Doctor Fate
98%
Dormammu or Superman Dormammu
97%
Thor or Black Lightning Thor
97%
Ant-Man or Atom Ant-Man
95%
Green Arrow or Hawkeye Hawkeye
94%
Iron Man or Batman Iron Man
93%
Deadpool or Deathstroke Deadpool
92%
Whiplash or Lex Luthor Lex Luthor
92%
Human Torch or Fire Human Torch
90%
Angel or Hawkgirl Hawkgirl
87%
Black Widow or Catwoman Black Widow
85%
Hulk or Doomsday Doomsday
84%
Elektra or Cheshire Matched
80%
Spiderman or Black Spider Spiderman
76%
Black Canary or Black Bolt Black Bolt
69%
Scarlett Witch or Miss Martian Scarlett Witch
55%
No matching quizzes found
Score Distribution
Percent of People with Each Score
Percentile by Number Answered
Your Score History
You have not taken this quiz